| 000 | 00606nam a2200205 a 4500 | ||
|---|---|---|---|
| 001 | 000018673 | ||
| 005 | 20200929165834.0 | ||
| 008 | 821229s1982 sp 000 f spa d | ||
| 020 | _a8423311775 | ||
| 040 |
_aDO-SdBNP _bspa _cBNPHU |
||
| 082 |
_a863.64 _bG569c |
||
| 100 | 1 |
_aGómez Ojea, Carmen, _d1945- _921755 |
|
| 245 | 1 | 0 |
_aCantiga de agüero / _cCarmen Gómez Ojea. |
| 260 |
_aBarcelona : _bDestino, _c1982. |
||
| 300 |
_a212, [1] p. ; _c22 cm. |
||
| 490 | 0 |
_aÁncora y delfin _v561 |
|
| 586 | _aPremio Eugenio Nadal 1981 | ||
| 650 | 4 |
_aNovela española _91123 |
|
| 650 | 4 |
_aLiteratura española _9632 |
|
| 999 |
_c18193 _d18193 |
||